Regulación bancaria : (Registro nro. 3826)

Detalles MARC
000 -LEADER
fixed length control field 01683nam a2200313Ia 4500
003 - CONTROL NUMBER IDENTIFIER
control field OSt
005 - DATE AND TIME OF LATEST TRANSACTION
control field 20210805142338.0
008 - FIXED-LENGTH DATA ELEMENTS--GENERAL INFORMATION
fixed length control field 191128s2015 ck ad gr 000 0dspa d
020 ## - INTERNATIONAL STANDARD BOOK NUMBER
International Standard Book Number 9789585704282
040 ## - CATALOGING SOURCE
Original cataloging agency CO-JMCR
Transcribing agency CO-JMCR
041 0# - LANGUAGE CODE
Language code of text/sound track or separate title spa
082 04 - DEWEY DECIMAL CLASSIFICATION NUMBER
Classification number 332.152 /
Item number C617r
Edition number 23
100 1# - MAIN ENTRY--PERSONAL NAME
Personal name Clavijo, Sergio,
Relator term autor
9 (RLIN) 4751
245 10 - TITLE STATEMENT
Title Regulación bancaria :
Remainder of title sus costos y efectos sobre la bancarización /
Statement of responsibility, etc. Sergio Clavijo, Alejandro Vera, David Malagón, Ana María Zuluaga, Álvaro Parga, Andrea Ríos ; prólogo Gerardo Hernández Correa
260 ## - PUBLICATION, DISTRIBUTION, ETC.
Place of publication, distribution, etc. Bogotá :
Name of publisher, distributor, etc. Asociación Nacional de Institucione Financieras,
Date of publication, distribution, etc. 2015.
300 ## - PHYSICAL DESCRIPTION
Extent 187 páginas :
Other physical details ilustraciones, gráficas a blanco y negro ;
Dimensions 21 cm.
501 ## - WITH NOTE
With note Con: notas a pie de páginas.
504 ## - BIBLIOGRAPHY, ETC. NOTE
Bibliography, etc. note Bibliográfica: páginas 183-187.
505 0# - FORMATTED CONTENTS NOTE
Formatted contents note Tendencias actuakes en la regulación financiera internacional -- Estructura y organización del sistema bancario colombiano -- Costos de la regulación financiera en Colombia
520 0# - SUMMARY, ETC.
Summary, etc. Este trabajo identifica y analiza los principales costos en los que incurre el sector bancario colombiano al acoplarse al marco regulatorio existente en el país. Este análisis se focaliza en la regulación más regulación.
650 14 - SUBJECT ADDED ENTRY--TOPICAL TERM
Topical term or geographic name entry element Bancos
General subdivision Aspectos económicos
Geographic subdivision Colombia.
9 (RLIN) 5832
650 24 - SUBJECT ADDED ENTRY--TOPICAL TERM
Topical term or geographic name entry element Servicios bancarios
Form subdivision Aspectos económicos
Geographic subdivision Colombia.
9 (RLIN) 7647
650 24 - SUBJECT ADDED ENTRY--TOPICAL TERM
Topical term or geographic name entry element Sistema financiero
Form subdivision Aspectos económicos
Geographic subdivision Colombia.
9 (RLIN) 39111
700 1# - ADDED ENTRY--PERSONAL NAME
Personal name Vera, Alejandro,
Relator term autor
9 (RLIN) 4755
700 1# - ADDED ENTRY--PERSONAL NAME
Personal name Malagón, David,
Relator term autor
9 (RLIN) 8172
700 1# - ADDED ENTRY--PERSONAL NAME
Personal name Zuluaga, Ana María,
Relator term autor
9 (RLIN) 8173
700 1# - ADDED ENTRY--PERSONAL NAME
Personal name Hernández Correa, Gerardo,
Relator term autor
9 (RLIN) 8174
942 ## - ADDED ENTRY ELEMENTS (KOHA)
Source of classification or shelving scheme Dewey Decimal Classification
Koha item type Books
Existencias
Withdrawn status Lost status Source of classification or shelving scheme Materials specified (bound volume or other part) Damaged status Not for loan Home library Current library Shelving location Date acquired Source of acquisition Full call number Barcode Date last seen Copy number Price effective from Koha item type
    Dewey Decimal Classification Donación--01/01/2017--     Biblioteca Pública José María del Castillo y Rada Biblioteca Pública José María del Castillo y Rada General Stacks 04/15/2018 Donación 332.152 / C617r 201808483 05/16/2024 Ej.1 11/28/2019 Books
    Dewey Decimal Classification Donación--01/01/2017--     Biblioteca Pública José María del Castillo y Rada Biblioteca Pública José María del Castillo y Rada General Stacks 11/28/2019 Donación 332.152 / C617r 201808482 05/16/2024 Ej.2 11/28/2019 Books